000 00329nam a22001457a 4500
008 221024b ||||| |||| 00| 0 eng d
020 _a0941683265
041 _aeng
080 _2REVISED EDITION
_a61
082 _a61 SHAN
100 _a4
101 _aMJEK
245 _aDIET FOR THE ATOMIC AGE
_cSHANNON S
942 _2udc
_cBK
999 _c58655
_d58655